Bayern Munich Quiz - Statistiques

Statistiques générales
  • Ce quiz a été pris 110 fois
  • Le résultat moyen est 8 sur 15
Statistiques - réponses
Questions Réponses % Correct
Qui est le capitaine actuel de ce club ? Manuel Neuer
95%
Combien de Ligue des champions a ce club ? 6
87%
Qui est le meilleur buteur de ce club ? Gerd Müller
83%
Qui est l’entraîneur de ce club ? Vincent Kompany
83%
Quel est le plus gros transfert de ce club ? Harry Kane (95 M)
81%
Qui est la légende de ce club ? Gerd Müller
78%
Quel est le nom du stade de ce club ? Allianz Arena
75%
Qui est le joueur le plus cher de ce club ? Jamal Musiala (130 Millions)
73%
En quelle année a été crée le club ? 1900
65%
Quelles sont les couleurs primaires de ce club ? Rouge et Bleu
53%
Combien de trophées a ce club ? 86
14%
Qui est le joueur le plus capé de ce club ? Sepp Maier
14%
Combien vaut ce club ? 1,04 Milliards
2%
Quelle est la plus grande victoire de ce club ? 16-1 (DfB-Pokal 1997)
1%
Quelle est la plus grande defaite de ce club ? 9-2 (Oberliga Süd 1952)
1%
Aucun quiz correspondant
Distribution des résultats
% des personnes avec chaque résultat
Percentile par nombre de réponses
Votre historique - résultats
Vous n’avez pas pris ce quiz